| 000 | 01792nam0a2200349 4500 | ||
|---|---|---|---|
| 001 | RU\NLR\bibl\320820 | ||
| 005 | 20260405160913.0 | ||
| 010 |
_a5-7442-1243-4 _9150 |
||
| 035 | _a(NLR Aleph) 000315861 | ||
| 090 |
_a66380 _c66380 |
||
| 100 | _a20021017d2000 |||y0rusy50 ca | ||
| 101 | 0 |
_arus _eeng |
|
| 102 | _aRU | ||
| 105 | _aa ||||||||| | ||
| 200 | 1 |
_aКлимат Хабаровского края и Еврейской автономной области _dClimate of the Khabarovsk territory and Jewish autonomous region _fЕ.С. Петров, П.В. Новороцкий, В.Т. Леншин _gРос. акад. наук. Дальневост. отд-ние, Ин-т вод. и эколог. пробл. _zeng |
|
| 210 |
_aВладивосток _aХабаровск _cДальнаука _d2000 |
||
| 215 |
_a173 с. _cил. _d29 |
||
| 300 | _aАвт. также на англ. яз.: E.S. Petrov, P.V. Novorotski, V.T. Lenshin | ||
| 320 | _aБиблиогр.: с. 165-171 (182 назв.) | ||
| 510 | 0 |
_aClimate of the Khabarovsk territory and Jewish autonomous region _zeng |
|
| 606 | 0 |
_aКлимат _yХабаровский край _91634408 _3RU\NLR\auth\66722184 |
|
| 606 | 0 |
_aКлимат _yЕврейская автономная область _92265553 _3RU\NLR\auth\661358149 |
|
| 686 | _aД249(2Р55-4Х) | ||
| 686 | _aД249(2Р55-4Х-6Е) | ||
| 700 | 1 |
_4070 _8rus _7ca _aПетров _bЕ. С. _cканд. геогр. наук _gЕвгений Сергеевич _3RU\NLR\auth\7767465 _950393 |
|
| 701 | 1 |
_aЛеншин _bВ. Т. _gВасилий Тимофеевич _4070 |
|
| 701 | 1 |
_aНовороцкий _bП. В. _gПетр Васильевич _4070 |
|
| 801 | 0 |
_aRU _bNLR _c20021017 _gPSBO |
|
| 801 | 1 |
_aRU _bNLR _c20021017 |
|
| 942 | _cBOOK | ||
| 980 | _aNB | ||